| 000 | 00462nam a2200181Ia 4500 | ||
|---|---|---|---|
| 001 | 25267 | ||
| 005 | 20260414151138.0 | ||
| 008 | 260414t2020||||xx |||||||||||||| ||spa|| | ||
| 041 | _aESP | ||
| 082 |
_a346.43 _bP27 |
||
| 100 |
_aPasco Arauco, Alan, _eAUT |
||
| 245 | 0 |
_aFe pública registral : _bnálisis doctrinario y jurisprudencial |
|
| 260 | _c2020 | ||
| 300 |
_a478 páginas : _c25 cm. |
||
| 650 | _aDER | ||
| 654 | _aCDE | ||
| 942 |
_cLIB _dJUS _fJUS _2ddc _n |
||
| 999 |
_c25267 _d25267 |
||